| 000 | 00635nam a2200217 i 4500 | ||
|---|---|---|---|
| 001 | 41310 | ||
| 003 | ES-MaACL | ||
| 005 | 20250911062638.0 | ||
| 007 | t| | ||
| 008 | 030310s1953 sp ||||1| spa d | ||
| 100 | 1 |
_aCary, Joyce. _935977 |
|
| 245 | 1 | 0 |
_aMister Johnson / _cJoyce Cary ; [traducción del Inglés por Rafael Zamora]. |
| 250 | _a[1ª ed.]. | ||
| 260 |
_aBarcelona : _bDestino, _c[1953] |
||
| 300 |
_a290 p. ; _c19 cm. |
||
| 490 | 1 | _aAncora y delfín | |
| 700 | 1 |
_aVázquez Zamora, Rafael, _d1911-1972 _9113498 |
|
| 830 | 0 | 0 |
_aÁncora y Delfín _9151298 |
| 852 |
_aES-MaACL _jC-6922 _bR.34831 |
||
| 999 |
_c41310 _d41310 |
||